Brick By Brick (Record no. 334883)

MARC details
000 -LEADER
fixed length control field 00538nam a2200169Ia 4500
008 - FIXED-LENGTH DATA ELEMENTS--GENERAL INFORMATION
fixed length control field 230718s9999 xx 000 0 und d
020 ## - INTERNATIONAL STANDARD BOOK NUMBER
International Standard Book Number 9781847941169
041 ## - LANGUAGE CODE
Language code of text/sound track or separate title eng
082 ## - DEWEY DECIMAL CLASSIFICATION NUMBER
Classification number 338.9713
Item number ROB
100 ## - MAIN ENTRY--PERSONAL NAME
Personal name Robertson D.C.
9 (RLIN) 195483
245 ## - TITLE STATEMENT
Title Brick By Brick
Remainder of title How LEGO Rewrote The Rules Of Innovation And Conquered The Global Toy Industry
260 ## - PUBLICATION, DISTRIBUTION, ETC. (IMPRINT)
Date of publication, distribution, etc. 2013
Name of publisher, distributor, etc. Random House Business
300 ## - PHYSICAL DESCRIPTION
Extent 305
365 ## - TRADE PRICE
Currency code Rs.
Price amount 699.00
700 ## - ADDED ENTRY--PERSONAL NAME
Personal name Robertson D.C.
9 (RLIN) 195483
906 ## - LOCAL DATA ELEMENT F, LDF (RLIN)
d O:0366822-Jan-2014B:477019-Dec-2013
c GENRL
b 153.78
Holdings
Withdrawn status Lost status Damaged status Not for loan Home library Current library Date acquired Vendor Budget Code Cost, normal purchase price Bill number Total Checkouts Full call number Barcode Date last seen Discount Cost, replacement price Bill Date Koha item type Original Barcode
        Cummins College of Engineering for Women Pune Cummins College of Engineering for Women Pune 23/01/2014 Technical Book Services GENRL 545.22 4770   338.9713 CCEP-BK-46090 18/07/2023 153.78 699.00 19/12/2013 Books 046090